000 00514nam a22001457a 4500
008 151027b xxu||||| |||| 00| 0 eng d
020 _a9789966464996
050 _aAFR PR 9381.9 .D39 2012
100 _aMugo, Micere Githae.
_d2012.
245 _aMy Mother's Poem and Other Songs
_cMicere Githae Mugo.
260 _aNairobi,
_bEast African Educational Publishers,
_c2012.
300 _axix, 85p.
650 _aafrican-literature
942 _2lcc
_cSH_L_BOOKS
_hAFR PR 9381.9 .D39 2012
999 _c9493
_d9493